Logo BPK

Bibliografia Prac Pracowników

Politechniki Koszalińskiej

Melnyk Andrij / (Rekord nr 10314)

Szczegóły MARC
000 -ETYKIETA REKORDU
podpole kontrolne o stałej długości 00710naa a2200157 i 4500
001 - NUMER KONTROLNY REKORDU
podpole kontrolne 10314
003 - IDENTYFIKATOR NUMERU KONTROLNEGO REKORDU
podpole kontrolne KOSZ 005
005 - DATA OSTATNIEJ MODYFIKACJI REKORDU
podpole kontrolne 20180419130130.0
008 - POLE O STAŁEJ DŁUGOŚCI - DANE KONTROLNE
podpole kontrolne o stałej długości 180419s2003 pl |000 0 pol
040 ## - ŹRÓDŁO KATALOGOWANIA
Instytucja, która sporządziła opis KOSZ 005/HR
Instytucja, która utworzyła rekord KOSZ 005/HR
100 1# - NAZWA OSOBOWA
Nazwa osobowa PARTACZ, Czesław.
Lata pracy 2007-2012.
Instytucja Politechnika Koszalińska - Instytut Polityki Społecznej i Stosunków Międzynarodowych,
Wydział Zakład Europy Środkowej i Wschodniej.
245 10 - TYTUŁ/ODPOWIEDZIALNOŚĆ
Tytuł Melnyk Andrij /
Pozostałe elementy strefy tytułu i oznaczenia odpowiedzialności Czesław Partacz.
655 #0 - TERMIN INDEKSOWY - OKREŚLENIE RODZAJU/FORMY DOKUMENTU
Określnie rodzaju/formy dokumentu Biogram.
773 0# - TYTUŁ DOKUMENTU MACIERZYSTEGO
Wyrażenie wprowadzające W :
Tytuł Encyklopedia "białych plam". T. 12, Masoneria w Polsce - naturalizm / red. Marek Robert Górniak et al. -
Adres wydawniczy Radom : Polskie Wydaw. Encyklopedyczne, 2003. -
Informacje dotyczące relacji s. 49-53
ISBN 8388822713
942 ## - HASŁO DODATKOWE - ELEMENTY(KOHA)
Schemat klasyfikacji Uniwersalna klasyfikacja dziesiętna
Typ dokumentu Artykuł

Brak dostępnych egzemplarzy.

© 2014 Biblioteka Politechniki Koszalińskiej :: BIBLIOGRAFIA PRAC PRACOWNIKÓW